[Event "182nd Stay Safe Play From Home series"]
[Site "T#646404Emanuel Laske"]
[Date "2020.05.28"]
[Round "7"]
[White "Broken sword"]
[Black "Lamborghini"]
[Result "1-0"]
[WhiteElo "2482"]
[BlackElo "2207"]
[PlyCount "127"]
[EventDate "2020.05.28"]
[EventType "swiss (blitz)"]

1. d4 {[%emt 0:00:00]} d5 {[%emt 0:00:02]} 2. c3 {[%emt 0:00:00]} c6 {[%emt 0:00:01]} 3. Nf3 {[%emt 0:00:00]} Bf5 {[%emt 0:00:02]} 4. Bf4 {[%emt 0:00:00]} Bxb1 {[%emt 0:00:00]} 5. Rxb1 {[%emt 0:00:01]} e6 {[%emt 0:00:01]} 6. Qb3 {[%emt 0:00:00]} Qb6 {[%emt 0:00:02]} 7. Ra1 {[%emt 0:00:01]} Nd7 {[%emt 0:00:01]} 8. e3 {[%emt 0:00:02]} Ngf6 {[%emt 0:00:01]} 9. h3 {[%emt 0:00:01]} h6 {[%emt 0:00:01]} 10. Bd3 {[%emt 0:00:01]} c5 {[%emt 0:00:01]} 11. O-O {[%emt 0:00:01]} c4 {[%emt 0:00:01]} 12. Qxb6 {[%emt 0:00:01]} axb6 {[%emt 0:00:01]} 13. Bc2 {[%emt 0:00:00]} b5 {[%emt 0:00:01]} 14. a3 {[%emt 0:00:00]} Nb6 {[%emt 0:00:01]} 15. Rab1 {[%emt 0:00:00]} Na4 {[%emt 0:00:01]} 16. Nd2 {[%emt 0:00:00]} Be7 {[%emt 0:00:02]} 17. Rfe1 {[%emt 0:00:01]} Kd7 {[%emt 0:00:01]} 18. e4 {[%emt 0:00:00]} Bd6 {[%emt 0:00:01]} 19. e5 {[%emt 0:00:01]} Bc7 {[%emt 0:00:01]} 20. Bg3 {[%emt 0:00:01]} Ne8 {[%emt 0:00:01]} 21. f4 {[%emt 0:00:01]} Bd8 {[%emt 0:00:01]} 22. f5 {[%emt 0:00:01]} Nc7 {[%emt 0:00:01]} 23. fxe6+ {[%emt 0:00:00]} fxe6 {[%emt 0:00:01]} 24. Nf1 {[%emt 0:00:00]} Bg5 {[%emt 0:00:01]} 25. Ne3 {[%emt 0:00:01]} Bxe3+ {[%emt 0:00:01]} 26. Rxe3 {[%emt 0:00:00]} Raf8 {[%emt 0:00:01]} 27. Re2 {[%emt 0:00:00]} g5 {[%emt 0:00:01]} 28. Bd1 {[%emt 0:00:01]} Ne8 {[%emt 0:00:02]} 29. Rd2 {[%emt 0:00:00]} Ng7 {[%emt 0:00:01]} 30. Bg4 {[%emt 0:00:01]} Nf5 {[%emt 0:00:01]} 31. Bf2 {[%emt 0:00:00]} h5 {[%emt 0:00:01]} 32. Bd1 {[%emt 0:00:01]} g4 {[%emt 0:00:01]} 33. hxg4 {[%emt 0:00:02]} hxg4 {[%emt 0:00:00]} 34. Bxg4 {[%emt 0:00:00]} Rhg8 {[%emt 0:00:02]} 35. Bh3 {[%emt 0:00:02]} Rg5 {[%emt 0:00:02]} 36. Rf1 {[%emt 0:00:01]} Rfg8 {[%emt 0:00:01]} 37. Kh2 {[%emt 0:00:01]} Rh5 {[%emt 0:00:01]} 38. Be1 {[%emt 0:00:06]} Ne3 {[%emt 0:00:02]} 39. Rf3 {[%emt 0:00:03]} Ng4+ {[%emt 0:00:01]} 40. Kg1 {[%emt 0:00:02]} Nh6 {[%emt 0:00:01]} 41. Rg3 {[%emt 0:00:01]} Rxg3 {[%emt 0:00:02]} 42. Bxg3 {[%emt 0:00:00]} Nf5 {[%emt 0:00:00]} 43. Bf2 {[%emt 0:00:01]} Rg5 {[%emt 0:00:01]} 44. Bxf5 {[%emt 0:00:01]} Rxf5 {[%emt 0:00:01]} 45. Kh2 {[%emt 0:00:01]} Ke7 {[%emt 0:00:01]} 46. g4 {[%emt 0:00:00]} Rf3 {[%emt 0:00:01]} 47. Kg2 {[%emt 0:00:01]} Rd3 {[%emt 0:00:01]} 48. Re2 {[%emt 0:00:00]} Kf7 {[%emt 0:00:01]} 49. Be3 {[%emt 0:00:01]} Kg6 {[%emt 0:00:00]} 50. Kf3 {[%emt 0:00:01]} Nb6 {[%emt 0:00:01]} 51. Kf4 {[%emt 0:00:01]} Na4 {[%emt 0:00:01]} 52. Rh2 {[%emt 0:00:01]} Rd1 {[%emt 0:00:01]} 53. Kf3 {[%emt 0:00:01]} Rf1+ {[%emt 0:00:01]} 54. Ke2 {[%emt 0:00:01]} Rb1 {[%emt 0:00:00]} 55. Rh6+ {[%emt 0:00:00]} Kf7 {[%emt 0:00:02]} 56. Rh7+ {[%emt 0:00:00]} Kg8 {[%emt 0:00:00]} 57. Rxb7 {[%emt 0:00:00]} Rxb2+ {[%emt 0:00:00]} 58. Kf3 {[%emt 0:00:00]} Nxc3 {[%emt 0:00:00]} 59. Rb8+ {[%emt 0:00:00]} Kg7 {[%emt 0:00:02]} 60. Rb7+ {[%emt 0:00:00]} Kg6 {[%emt 0:00:00]} 61. g5 {[%emt 0:00:00]} Nd1 {[%emt 0:00:00]} 62. Bf4 {[%emt 0:00:01]} Rb3+ {[%emt 0:00:01]} 63. Kg4 {[%emt 0:00:01]} Nf2+ {[%emt 0:00:00]} 64. Kh4 {[%emt 0:00:01] (Lag: Av=0.23s, max=0.6s)} 1-0

[Event "182nd Stay Safe Play From Home series"]
[Site "T#646404Emanuel Laske"]
[Date "2020.05.28"]
[Round "7"]
[White "Dj amir"]
[Black "SoulofWolf"]
[Result "1-0"]
[WhiteElo "2447"]
[BlackElo "2118"]
[PlyCount "37"]
[EventDate "2020.05.28"]
[EventType "swiss (blitz)"]

1. g3 {[%emt 0:00:01]} c5 {[%emt 0:00:00]} 2. Bg2 {[%emt 0:00:00]} Nc6 {[%emt 0:00:01]} 3. c4 {[%emt 0:00:00]} e6 {[%emt 0:00:00]} 4. Nc3 {[%emt 0:00:00]} Nf6 {[%emt 0:00:00]} 5. e4 {[%emt 0:00:01]} d6 {[%emt 0:00:01]} 6. Nge2 {[%emt 0:00:01]} Be7 {[%emt 0:00:00]} 7. O-O {[%emt 0:00:00]} O-O {[%emt 0:00:00]} 8. b3 {[%emt 0:00:00]} a6 {[%emt 0:00:00]} 9. Bb2 {[%emt 0:00:00]} Rb8 {[%emt 0:00:00]} 10. d4 {[%emt 0:00:00]} Qc7 {[%emt 0:00:00]} 11. d5 {[%emt 0:00:01]} Nd8 {[%emt 0:00:00]} 12. dxe6 {[%emt 0:00:01]} Bxe6 {[%emt 0:00:00]} 13. f4 {[%emt 0:00:00]} g6 {[%emt 0:00:01]} 14. f5 {[%emt 0:00:01]} gxf5 {[%emt 0:00:01]} 15. exf5 {[%emt 0:00:00]} Bd7 {[%emt 0:00:01]} 16. Nd5 {[%emt 0:00:01]} Nxd5 {[%emt 0:00:01]} 17. Bxd5 {[%emt 0:00:00]} Bc6 {[%emt 0:00:06]} 18. Nf4 {[%emt 0:00:02]} Bxd5 {[%emt 0:00:12]} 19. Qg4+ {[%emt 0:00:02] SoulofWolf poddaje siê (Lag: Av=0.33s, max=0.7s)} 1-0

[Event "182nd Stay Safe Play From Home series"]
[Site "T#646404Emanuel Laske"]
[Date "2020.05.28"]
[Round "7"]
[White "little champs"]
[Black "Lazieri3"]
[Result "0-1"]
[WhiteElo "2127"]
[BlackElo "2009"]
[PlyCount "114"]
[EventDate "2020.05.28"]
[EventType "swiss (blitz)"]

1. d4 {[%emt 0:00:01]} c6 {[%emt 0:00:00]} 2. e3 {[%emt 0:00:00]} d5 {[%emt 0:00:01]} 3. Nf3 {[%emt 0:00:00]} Nf6 {[%emt 0:00:00]} 4. Be2 {[%emt 0:00:00]} Bf5 {[%emt 0:00:01]} 5. O-O {[%emt 0:00:00]} e6 {[%emt 0:00:00]} 6. c4 {[%emt 0:00:00]} Ne4 {[%emt 0:00:01]} 7. Nc3 {[%emt 0:00:00]} Be7 {[%emt 0:00:03]} 8. Nxe4 {[%emt 0:00:01]} Bxe4 {[%emt 0:00:01]} 9. Nd2 {[%emt 0:00:01]} Bg6 {[%emt 0:00:01]} 10. cxd5 {[%emt 0:00:02]} exd5 {[%emt 0:00:02]} 11. Qb3 {[%emt 0:00:01]} Qb6 {[%emt 0:00:01]} 12. Nf3 {[%emt 0:00:01]} Qxb3 {[%emt 0:00:01]} 13. axb3 {[%emt 0:00:01]} Nd7 {[%emt 0:00:00]} 14. Bd2 {[%emt 0:00:01]} a6 {[%emt 0:00:01]} 15. b4 {[%emt 0:00:00]} Rc8 {[%emt 0:00:01]} 16. Rfc1 {[%emt 0:00:01]} O-O {[%emt 0:00:01]} 17. h3 {[%emt 0:00:02]} h6 {[%emt 0:00:01]} 18. Ra3 {[%emt 0:00:02]} Rfe8 {[%emt 0:00:01]} 19. Rac3 {[%emt 0:00:01]} Nb6 {[%emt 0:00:01]} 20. b5 {[%emt 0:00:01]} axb5 {[%emt 0:00:01]} 21. Bxb5 {[%emt 0:00:02]} cxb5 {[%emt 0:00:01]} 22. Ne5 {[%emt 0:00:01]} Rxc3 {[%emt 0:00:02]} 23. bxc3 {[%emt 0:00:01]} Nc4 {[%emt 0:00:02]} 24. Nxc4 {[%emt 0:00:01]} bxc4 {[%emt 0:00:01]} 25. Ra1 {[%emt 0:00:01]} Rb8 {[%emt 0:00:02]} 26. f3 {[%emt 0:00:02]} b5 {[%emt 0:00:02]} 27. Ra7 {[%emt 0:00:02]} Bf8 {[%emt 0:00:02]} 28. Rd7 {[%emt 0:00:01]} b4 {[%emt 0:00:02]} 29. cxb4 {[%emt 0:00:01]} Bxb4 {[%emt 0:00:00]} 30. Bxb4 {[%emt 0:00:00]} Rxb4 {[%emt 0:00:00]} 31. Rxd5 {[%emt 0:00:00]} c3 {[%emt 0:00:01]} 32. Rc5 {[%emt 0:00:00]} Rb1+ {[%emt 0:00:01]} 33. Kh2 {[%emt 0:00:01]} c2 {[%emt 0:00:00]} 34. e4 {[%emt 0:00:01]} c1=Q {[%emt 0:00:01]} 35. Rxc1 {[%emt 0:00:01]} Rxc1 {[%emt 0:00:00]} 36. f4 {[%emt 0:00:00]} Bxe4 {[%emt 0:00:01]} 37. Kg3 {[%emt 0:00:01]} Rd1 {[%emt 0:00:00]} 38. f5 {[%emt 0:00:01]} Rxd4 {[%emt 0:00:01]} 39. Kf4 {[%emt 0:00:00]} Bxg2+ {[%emt 0:00:01]} 40. Ke3 {[%emt 0:00:01]} Bxh3 {[%emt 0:00:01]} 41. Kxd4 {[%emt 0:00:01]} Bxf5 {[%emt 0:00:00]} 42. Ke5 {[%emt 0:00:00]} Be6 {[%emt 0:00:01]} 43. Kf4 {[%emt 0:00:01]} g5+ {[%emt 0:00:00]} 44. Ke5 {[%emt 0:00:01]} Kg7 {[%emt 0:00:00]} 45. Ke4 {[%emt 0:00:01]} Kg6 {[%emt 0:00:00]} 46. Ke3 {[%emt 0:00:00]} g4 {[%emt 0:00:00]} 47. Kf2 {[%emt 0:00:00]} Kh5 {[%emt 0:00:00]} 48. Kg3 {[%emt 0:00:00]} Kg5 {[%emt 0:00:01]} 49. Kh2 {[%emt 0:00:00]} Kf4 {[%emt 0:00:00]} 50. Kg2 {[%emt 0:00:01]} g3 {[%emt 0:00:00]} 51. Kg1 {[%emt 0:00:00]} Kf3 {[%emt 0:00:00]} 52. Kf1 {[%emt 0:00:00]} g2+ {[%emt 0:00:01]} 53. Kg1 {[%emt 0:00:00]} Bd5 {[%emt 0:00:01]} 54. Kh2 {[%emt 0:00:01]} Kf2 {[%emt 0:00:00]} 55. Kh3 {[%emt 0:00:00]} g1=Q {[%emt 0:00:01]} 56. Kh4 {[%emt 0:00:00]} Qg2 {[%emt 0:00:01]} 57. Kh5 {[%emt 0:00:01]} Qg5# {[%emt 0:00:00] (Lag: Av=0.72s, max=1.3s)} 0-1

[Event "182nd Stay Safe Play From Home series"]
[Site "T#646404Emanuel Laske"]
[Date "2020.05.28"]
[Round "7"]
[White "Don59as"]
[Black "Trotsky"]
[Result "1-0"]
[WhiteElo "1980"]
[BlackElo "1580"]
[Annotator "NA"]
[PlyCount "55"]
[EventDate "2020.05.28"]
[EventType "swiss (blitz)"]

1. c4 {[%emt 0:00:02]} c5 {[%emt 0:00:01]} 2. Nc3 {[%emt 0:00:00]} e6 {[%emt 0:00:00]} 3. g3 {[%emt 0:00:00]} d5 {[%emt 0:00:00]} 4. Bg2 {[%emt 0:00:00]} Nc6 {[%emt 0:00:01]} 5. cxd5 {[%emt 0:00:01]} exd5 {[%emt 0:00:01]} 6. Nxd5 {[%emt 0:00:00]} Be6 {[%emt 0:00:01]} 7. e4 {[%emt 0:00:01]} Bd6 {[%emt 0:00:02]} 8. Ne2 {[%emt 0:00:01]} Nf6 {[%emt 0:00:03]} 9. O-O {[%emt 0:00:01]} h5 {[%emt 0:00:04]} 10. d4 {[%emt 0:00:01]} Bxd5 {[%emt 0:00:01]} 11. exd5 {[%emt 0:00:01]} Ne7 {[%emt 0:00:04]} 12. Nf4 {[%emt 0:00:06]} Qc7 {[%emt 0:00:02]} 13. Re1 {[%emt 0:00:02]} O-O-O {[%emt 0:00:01]} 14. Be3 {[%emt 0:00:02]} g5 {[%emt 0:00:01]} 15. Ne2 {[%emt 0:00:02]} Ng4 {[%emt 0:00:01]} 16. dxc5 {[%emt 0:00:02]} Bxc5 {[%emt 0:00:01]} 17. Bxc5 {[%emt 0:00:01]} Nf5 {[%emt 0:00:07]} 18. Rc1 {[%emt 0:00:03]} Kb8 {[%emt 0:00:06]} 19. Qa4 {[%emt 0:00:02]} h4 {[%emt 0:00:05]} 20. Qxa7+ {[%emt 0:00:03]} Kc8 {[%emt 0:00:01]} 21. Bb6 {[%emt 0:00:01]} Qxc1 {[%emt 0:00:05]} 22. Rxc1+ {[%emt 0:00:01]} Kd7 {[%emt 0:00:01]} 23. Qxb7+ {[%emt 0:00:01]} Ke8 {[%emt 0:00:02]} 24. Nd4 {[%emt 0:00:09]} Kf8 {[%emt 0:00:02]} 25. Nxf5 {[%emt 0:00:01]} Kg8 {[%emt 0:00:02]} 26. Bxd8 {[%emt 0:00:02]} Kh7 {[%emt 0:00:01]} 27. Bxg5 {[%emt 0:00:01]} hxg3 {[%emt 0:00:01]} 28. Qxf7# {[%emt 0:00:02] (Lag: Av=0.38s, max=0.7s)} 1-0

[Event "182nd Stay Safe Play From Home series"]
[Site "T#646404Emanuel Laske"]
[Date "2020.05.28"]
[Round "7"]
[White "Greblah"]
[Black "Rogan"]
[Result "0-1"]
[WhiteElo "1976"]
[BlackElo "2225"]
[PlyCount "100"]
[EventDate "2020.05.28"]
[EventType "swiss (blitz)"]

1. e4 {[%emt 0:00:01]} d5 {[%emt 0:00:00]} 2. Nc3 {[%emt 0:00:02]} Nf6 {[%emt 0:00:01]} 3. exd5 {[%emt 0:00:01]} Nxd5 {[%emt 0:00:00]} 4. Nge2 {[%emt 0:00:01]} Bg4 {[%emt 0:00:03]} 5. Nxd5 {[%emt 0:00:01]} Qxd5 {[%emt 0:00:01]} 6. f3 {[%emt 0:00:01]} Bf5 {[%emt 0:00:04]} 7. Nc3 {[%emt 0:00:01]} Qe5+ {[%emt 0:00:03]} 8. Be2 {[%emt 0:00:01]} Nc6 {[%emt 0:00:01]} 9. O-O {[%emt 0:00:01]} O-O-O {[%emt 0:00:00]} 10. d3 {[%emt 0:00:01]} e6 {[%emt 0:00:01]} 11. Bg5 {[%emt 0:00:02]} f6 {[%emt 0:00:01]} 12. Bh4 {[%emt 0:00:02]} Bb4 {[%emt 0:00:01]} 13. Bg3 {[%emt 0:00:02]} Qd4+ {[%emt 0:00:02]} 14. Bf2 {[%emt 0:00:02]} Qe5 {[%emt 0:00:03]} 15. Be1 {[%emt 0:00:02]} Nd4 {[%emt 0:00:02]} 16. a3 {[%emt 0:00:02]} Bxc3 {[%emt 0:00:01]} 17. bxc3 {[%emt 0:00:01]} Nxe2+ {[%emt 0:00:02]} 18. Kh1 {[%emt 0:00:09]} Nf4 {[%emt 0:00:01]} 19. Bg3 {[%emt 0:00:01]} g5 {[%emt 0:00:01]} 20. Re1 {[%emt 0:00:01]} Qxc3 {[%emt 0:00:02]} 21. Rb1 {[%emt 0:00:01]} Rd6 {[%emt 0:00:02]} 22. Rb3 {[%emt 0:00:01]} Qd4 {[%emt 0:00:04]} 23. c3 {[%emt 0:00:02]} Qxd3 {[%emt 0:00:02]} 24. Qxd3 {[%emt 0:00:01]} Rxd3 {[%emt 0:00:01]} 25. Bxf4 {[%emt 0:00:01]} gxf4 {[%emt 0:00:01]} 26. Reb1 {[%emt 0:00:00]} b6 {[%emt 0:00:01]} 27. Rc1 {[%emt 0:00:01]} Rhd8 {[%emt 0:00:01]} 28. h4 {[%emt 0:00:02]} Rd1+ {[%emt 0:00:02]} 29. Rxd1 {[%emt 0:00:00]} Rxd1+ {[%emt 0:00:01]} 30. Kh2 {[%emt 0:00:00]} h5 {[%emt 0:00:02]} 31. Rb4 {[%emt 0:00:01]} c5 {[%emt 0:00:01]} 32. Rxf4 {[%emt 0:00:01]} Rd2 {[%emt 0:00:02]} 33. Ra4 {[%emt 0:00:02]} a5 {[%emt 0:00:01]} 34. Kg3 {[%emt 0:00:03]} Bc2 {[%emt 0:00:04]} 35. Rf4 {[%emt 0:00:01]} f5 {[%emt 0:00:01]} 36. Rc4 {[%emt 0:00:02]} Bd3 {[%emt 0:00:01]} 37. Ra4 {[%emt 0:00:01]} Bf1 {[%emt 0:00:00]} 38. Kf4 {[%emt 0:00:02]} Rxg2 {[%emt 0:00:00]} 39. Ke5 {[%emt 0:00:00]} Re2+ {[%emt 0:00:01]} 40. Kf6 {[%emt 0:00:01]} Re3 {[%emt 0:00:00]} 41. Rf4 {[%emt 0:00:00]} Rxc3 {[%emt 0:00:01]} 42. Kxe6 {[%emt 0:00:01]} Bg2 {[%emt 0:00:00]} 43. Kxf5 {[%emt 0:00:00]} Rxf3 {[%emt 0:00:00]} 44. Rxf3 {[%emt 0:00:01]} Bxf3 {[%emt 0:00:00]} 45. Kg5 {[%emt 0:00:00]} Bg4 {[%emt 0:00:00]} 46. Kh6 {[%emt 0:00:00]} Kc7 {[%emt 0:00:00]} 47. Kg5 {[%emt 0:00:00]} Kc6 {[%emt 0:00:00]} 48. Kf4 {[%emt 0:00:00]} b5 {[%emt 0:00:00]} 49. Ke3 {[%emt 0:00:00]} b4 {[%emt 0:00:00]} 50. Kd2 {[%emt 0:00:01]} bxa3 {[%emt 0:00:00]} 0-1

[Event "182nd Stay Safe Play From Home series"]
[Site "T#646404Emanuel Laske"]
[Date "2020.05.28"]
[Round "7"]
[White "Castlingarrocco"]
[Black "Weltszmerc"]
[Result "0-1"]
[WhiteElo "1948"]
[BlackElo "2029"]
[Annotator "NA"]
[PlyCount "140"]
[EventDate "2020.05.28"]
[EventType "swiss (blitz)"]

1. d4 {[%emt 0:00:01]} Nf6 {[%emt 0:00:00]} 2. e3 {[%emt 0:00:00]} b6 {[%emt 0:00:00]} 3. f4 {[%emt 0:00:00]} Bb7 {[%emt 0:00:00]} 4. Nf3 {[%emt 0:00:00]} d6 {[%emt 0:00:00]} 5. Bd3 {[%emt 0:00:01]} Nbd7 {[%emt 0:00:00]} 6. Qe2 {[%emt 0:00:00]} g6 {[%emt 0:00:00]} 7. e4 {[%emt 0:00:00]} e5 {[%emt 0:00:01]} 8. fxe5 {[%emt 0:00:01]} dxe5 {[%emt 0:00:00]} 9. c3 {[%emt 0:00:00]} exd4 {[%emt 0:00:01]} 10. cxd4 {[%emt 0:00:00]} Bb4+ {[%emt 0:00:01]} 11. Nc3 {[%emt 0:00:01]} c5 {[%emt 0:00:01]} 12. e5 {[%emt 0:00:01]} Nd5 {[%emt 0:00:01]} 13. Bd2 {[%emt 0:00:02]} cxd4 {[%emt 0:00:01]} 14. Nxd5 {[%emt 0:00:02]} Bxd2+ {[%emt 0:00:01]} 15. Nxd2 {[%emt 0:00:02]} Bxd5 {[%emt 0:00:00]} 16. O-O {[%emt 0:00:01]} O-O {[%emt 0:00:02]} 17. Ne4 {[%emt 0:00:01]} Bxe4 {[%emt 0:00:03]} 18. Bxe4 {[%emt 0:00:01]} Rc8 {[%emt 0:00:01]} 19. e6 {[%emt 0:00:01]} fxe6 {[%emt 0:00:01]} 20. Bb7 {[%emt 0:00:02]} Rc7 {[%emt 0:00:07]} 21. Qxe6+ {[%emt 0:00:02]} Kg7 {[%emt 0:00:00]} 22. Bf3 {[%emt 0:00:02]} Qf6 {[%emt 0:00:02]} 23. Qxf6+ {[%emt 0:00:01]} Rxf6 {[%emt 0:00:01]} 24. Rad1 {[%emt 0:00:00]} Ne5 {[%emt 0:00:02]} 25. Be4 {[%emt 0:00:01]} Rxf1+ {[%emt 0:00:01]} 26. Kxf1 {[%emt 0:00:00]} Rf7+ {[%emt 0:00:02]} 27. Kg1 {[%emt 0:00:01]} Rd7 {[%emt 0:00:01]} 28. Kf2 {[%emt 0:00:01]} Kf6 {[%emt 0:00:01]} 29. Kg3 {[%emt 0:00:01]} Ke7 {[%emt 0:00:00]} 30. Kf4 {[%emt 0:00:01]} Ke6 {[%emt 0:00:01]} 31. Rd2 {[%emt 0:00:02]} h6 {[%emt 0:00:01]} 32. h4 {[%emt 0:00:01]} Rf7+ {[%emt 0:00:01]} 33. Kg3 {[%emt 0:00:01]} Rd7 {[%emt 0:00:00]} 34. h5 {[%emt 0:00:01]} g5 {[%emt 0:00:01]} 35. Kf2 {[%emt 0:00:01]} a5 {[%emt 0:00:01]} 36. Ke2 {[%emt 0:00:01]} Ng4 {[%emt 0:00:01]} 37. Bf3 {[%emt 0:00:01]} Ne3 {[%emt 0:00:01]} 38. Kd3 {[%emt 0:00:01]} Ke5 {[%emt 0:00:01]} 39. Re2 {[%emt 0:00:01]} Rd6 {[%emt 0:00:01]} 40. b3 {[%emt 0:00:01]} g4 {[%emt 0:00:00]} 41. Be4 {[%emt 0:00:02]} b5 {[%emt 0:00:01]} 42. Bg6 {[%emt 0:00:01]} Rxg6 {[%emt 0:00:01]} 43. hxg6 {[%emt 0:00:01]} Kf6 {[%emt 0:00:03]} 44. Rxe3 {[%emt 0:00:01]} dxe3 {[%emt 0:00:01]} 45. Kxe3 {[%emt 0:00:00]} Kxg6 {[%emt 0:00:00]} 46. Kf4 {[%emt 0:00:00]} h5 {[%emt 0:00:00]} 47. g3 {[%emt 0:00:00]} Kh6 {[%emt 0:00:00]} 48. a4 {[%emt 0:00:01]} bxa4 {[%emt 0:00:01]} 49. bxa4 {[%emt 0:00:00]} Kg6 {[%emt 0:00:00]} 50. Ke4 {[%emt 0:00:01]} Kg5 {[%emt 0:00:00]} 51. Ke5 {[%emt 0:00:01]} h4 {[%emt 0:00:00]} 52. gxh4+ {[%emt 0:00:01]} Kxh4 {[%emt 0:00:00]} 53. Kd5 {[%emt 0:00:00]} g3 {[%emt 0:00:00]} 54. Kc5 {[%emt 0:00:00]} g2 {[%emt 0:00:00]} 55. Kb5 {[%emt 0:00:00]} g1=Q {[%emt 0:00:00]} 56. Kxa5 {[%emt 0:00:00]} Qg8 {[%emt 0:00:00]} 57. Kb6 {[%emt 0:00:00]} Qa8 {[%emt 0:00:00]} 58. a5 {[%emt 0:00:00]} Kg5 {[%emt 0:00:00]} 59. a6 {[%emt 0:00:00]} Kf6 {[%emt 0:00:00]} 60. Ka5 {[%emt 0:00:00]} Ke7 {[%emt 0:00:00]} 61. Kb6 {[%emt 0:00:00]} Kd7 {[%emt 0:00:00]} 62. Ka5 {[%emt 0:00:01]} Kc7 {[%emt 0:00:00]} 63. Kb5 {[%emt 0:00:01]} Qa7 {[%emt 0:00:01]} 64. Ka5 {[%emt 0:00:00]} Kc6 {[%emt 0:00:00]} 65. Ka4 {[%emt 0:00:01]} Qxa6+ {[%emt 0:00:00]} 66. Kb4 {[%emt 0:00:00]} Qd3 {[%emt 0:00:01]} 67. Ka4 {[%emt 0:00:01]} Qc2+ {[%emt 0:00:00]} 68. Ka5 {[%emt 0:00:00]} Qb1 {[%emt 0:00:01]} 69. Ka4 {[%emt 0:00:01]} Qb2 {[%emt 0:00:00]} 70. Ka5 {[%emt 0:00:01]} Qb5# {[%emt 0:00:01] (Lag: Av=0.72s, max=1.2s)} 0-1

[Event "182nd Stay Safe Play From Home series"]
[Site "T#646404Emanuel Laske"]
[Date "2020.05.28"]
[Round "7"]
[White "Emresenar"]
[Black "SecantFX"]
[Result "0-1"]
[WhiteElo "1738"]
[BlackElo "1887"]
[Annotator "NA"]
[PlyCount "78"]
[EventDate "2020.05.28"]
[EventType "swiss (blitz)"]

1. e4 {[%emt 0:00:02]} b6 {[%emt 0:00:00]} 2. Nc3 {[%emt 0:00:01]} Bb7 {[%emt 0:00:00]} 3. Nf3 {[%emt 0:00:01]} c5 {[%emt 0:00:00]} 4. Bc4 {[%emt 0:00:01]} Nc6 {[%emt 0:00:00]} 5. O-O {[%emt 0:00:01]} e6 {[%emt 0:00:00]} 6. Re1 {[%emt 0:00:00]} g6 {[%emt 0:00:00]} 7. d4 {[%emt 0:00:00]} Bg7 {[%emt 0:00:00]} 8. d5 {[%emt 0:00:01]} Na5 {[%emt 0:00:01]} 9. Bf1 {[%emt 0:00:04]} e5 {[%emt 0:00:01]} 10. a3 {[%emt 0:00:02]} d6 {[%emt 0:00:01]} 11. Bg5 {[%emt 0:00:01]} f6 {[%emt 0:00:01]} 12. Bh4 {[%emt 0:00:01]} a6 {[%emt 0:00:01]} 13. b4 {[%emt 0:00:01]} cxb4 {[%emt 0:00:02]} 14. axb4 {[%emt 0:00:00]} Rc8 {[%emt 0:00:04]} 15. bxa5 {[%emt 0:00:07]} Rxc3 {[%emt 0:00:01]} 16. Qd2 {[%emt 0:00:04]} Rc5 {[%emt 0:00:03]} 17. axb6 {[%emt 0:00:01]} Qxb6 {[%emt 0:00:00]} 18. Bd3 {[%emt 0:00:06]} Qc7 {[%emt 0:00:01]} 19. Reb1 {[%emt 0:00:01]} Ne7 {[%emt 0:00:02]} 20. Qb4 {[%emt 0:00:02]} Bc8 {[%emt 0:00:02]} 21. Qb6 {[%emt 0:00:03]} Qxb6 {[%emt 0:00:04]} 22. Rxb6 {[%emt 0:00:00]} a5 {[%emt 0:00:02]} 23. Rb8 {[%emt 0:00:03]} O-O {[%emt 0:00:01]} 24. c4 {[%emt 0:00:04]} h5 {[%emt 0:00:01]} 25. h3 {[%emt 0:00:03]} g5 {[%emt 0:00:01]} 26. Bg3 {[%emt 0:00:00]} g4 {[%emt 0:00:01]} 27. hxg4 {[%emt 0:00:01]} Bxg4 {[%emt 0:00:01]} 28. Nh2 {[%emt 0:00:01]} Rxb8 {[%emt 0:00:02]} 29. Nxg4 {[%emt 0:00:01]} hxg4 {[%emt 0:00:00]} 30. f3 {[%emt 0:00:01]} gxf3 {[%emt 0:00:01]} 31. gxf3 {[%emt 0:00:00]} Ng6 {[%emt 0:00:01]} 32. Bf2 {[%emt 0:00:00]} Nf4 {[%emt 0:00:00]} 33. Bd4 {[%emt 0:00:01]} Nxd3 {[%emt 0:00:01]} 34. Bxc5 {[%emt 0:00:01]} Nxc5 {[%emt 0:00:00]} 35. Ra2 {[%emt 0:00:01]} f5 {[%emt 0:00:00]} 36. Rc2 {[%emt 0:00:00]} fxe4 {[%emt 0:00:00]} 37. Rd2 {[%emt 0:00:00]} exf3 {[%emt 0:00:01]} 38. Rf2 {[%emt 0:00:00]} e4 {[%emt 0:00:01]} 39. Kh2 {[%emt 0:00:00]} Bd4 {[%emt 0:00:01] Emresenar terk eder (Lag: Av=0.59s, max=0.7s)} 0-1

[Event "182nd Stay Safe Play From Home series"]
[Site "T#646404Emanuel Laske"]
[Date "2020.05.28"]
[Round "8"]
[White "Dj amir"]
[Black "Don59as"]
[Result "1-0"]
[WhiteElo "2451"]
[BlackElo "1984"]
[Annotator "NA"]
[PlyCount "87"]
[EventDate "2020.05.28"]
[EventType "swiss (blitz)"]

1. c4 {[%emt 0:00:00]} e5 {[%emt 0:00:01]} 2. Nc3 {[%emt 0:00:00]} d6 {[%emt 0:00:02]} 3. g3 {[%emt 0:00:00]} Be7 {[%emt 0:00:01]} 4. Bg2 {[%emt 0:00:00]} Nf6 {[%emt 0:00:00]} 5. d3 {[%emt 0:00:00]} O-O {[%emt 0:00:00]} 6. Nf3 {[%emt 0:00:00]} Nc6 {[%emt 0:00:00]} 7. O-O {[%emt 0:00:00]} Be6 {[%emt 0:00:01]} 8. Nd2 {[%emt 0:00:00]} h6 {[%emt 0:00:00]} 9. Nde4 {[%emt 0:00:01]} Qd7 {[%emt 0:00:00]} 10. Nxf6+ {[%emt 0:00:01]} Bxf6 {[%emt 0:00:00]} 11. Bd2 {[%emt 0:00:01]} Bh3 {[%emt 0:00:01]} 12. Nd5 {[%emt 0:00:01]} Bd8 {[%emt 0:00:03]} 13. Rc1 {[%emt 0:00:01]} Bxg2 {[%emt 0:00:01]} 14. Kxg2 {[%emt 0:00:00]} f5 {[%emt 0:00:01]} 15. f3 {[%emt 0:00:00]} f4 {[%emt 0:00:01]} 16. Qe1 {[%emt 0:00:01]} fxg3 {[%emt 0:00:01]} 17. hxg3 {[%emt 0:00:01]} Ne7 {[%emt 0:00:00]} 18. Nxe7+ {[%emt 0:00:01]} Bxe7 {[%emt 0:00:01]} 19. Rh1 {[%emt 0:00:00]} Qf5 {[%emt 0:00:01]} 20. g4 {[%emt 0:00:01]} Qg6 {[%emt 0:00:01]} 21. Rh5 {[%emt 0:00:02]} Rf7 {[%emt 0:00:02]} 22. Qg3 {[%emt 0:00:01]} Raf8 {[%emt 0:00:01]} 23. Rch1 {[%emt 0:00:01]} e4 {[%emt 0:00:01]} 24. dxe4 {[%emt 0:00:02]} d5 {[%emt 0:00:01]} 25. cxd5 {[%emt 0:00:02]} Bd6 {[%emt 0:00:01]} 26. Qe1 {[%emt 0:00:02]} Bf4 {[%emt 0:00:04]} 27. Bxf4 {[%emt 0:00:01]} Rxf4 {[%emt 0:00:00]} 28. Qg3 {[%emt 0:00:01]} b5 {[%emt 0:00:04]} 29. Rf5 {[%emt 0:00:01]} R4xf5 {[%emt 0:00:03]} 30. gxf5 {[%emt 0:00:00]} Qb6 {[%emt 0:00:02]} 31. Qg6 {[%emt 0:00:02]} Qxg6+ {[%emt 0:00:01]} 32. fxg6 {[%emt 0:00:00]} Rf6 {[%emt 0:00:00]} 33. Rc1 {[%emt 0:00:02]} Rxg6+ {[%emt 0:00:00]} 34. Kf2 {[%emt 0:00:00]} Ra6 {[%emt 0:00:02]} 35. a3 {[%emt 0:00:01]} b4 {[%emt 0:00:00]} 36. axb4 {[%emt 0:00:00]} Rb6 {[%emt 0:00:01]} 37. Rxc7 {[%emt 0:00:01]} Rxb4 {[%emt 0:00:00]} 38. Rxa7 {[%emt 0:00:01]} Rxb2 {[%emt 0:00:01]} 39. d6 {[%emt 0:00:00]} Rd2 {[%emt 0:00:01]} 40. e5 {[%emt 0:00:00]} h5 {[%emt 0:00:02]} 41. e6 {[%emt 0:00:03]} Kh7 {[%emt 0:00:01]} 42. d7 {[%emt 0:00:01]} Kg6 {[%emt 0:00:02]} 43. e7 {[%emt 0:00:01]} h4 {[%emt 0:00:03]} 44. e8=Q+ {[%emt 0:00:00] Don59as resigns (Lag: Av=0.51s, max=0.8s)} 1-0